000 00411cam a2200169ua 4500
020 _c1.80
041 _amal
_h
082 _a928.948121
_bKRI/TH
100 _aKrishna Warrier, P V .
245 _aThola Mahakavi /
_cP V Krishna Warrier.
_hTextual Documents
260 _aCalicut :
_bP.K Brothers ,
_c1953.
300 _a130 ; .
365 _a1.80
504 _a
942 _cBK
999 _c4540
_d4540